Las novelas de la Medicina. (Record no. 112601)

MARC details
000 -LEADER
campo de control de longitud fija 00775nam a2200241 i 4500
001 - NÚMERO DE CONTROL
campo de control 112601
003 - IDENTIFICADOR DE NÚMERO DE CONTROL
campo de control ES-MaACL
005 - FECHA Y HORA DE LA ÚLTIMA TRANSACCIÓN
campo de control 20230906185552.0
007 - CAMPO FIJO DE DESCRIPCIÓN FÍSICA--INFORMACIÓN GENERAL
campo de control de longitud fija t|
008 - DATOS DE LONGITUD FIJA--INFORMACIÓN GENERAL
campo de control de longitud fija 061121s1962 sp f r ||||1| spa d
080 ## - NÚMERO DE LA CLASIFICACIÓN DECIMAL UNIVERSAL
Número de la Clasificación Decimal Universal 821-31(082.2):61
245 04 - MENCIÓN DEL TÍTULO
Título Las novelas de la Medicina.
260 ## - PUBLICACIÓN, DISTRIBUCIÓN, ETC.
Lugar de publicación, distribución, etc. Barcelona :
Nombre del editor, distribuidor, etc. Luis de Caralt,
Fecha de publicación, distribución, etc. 1962.
300 ## - DESCRIPCIÓN FÍSICA
Extensión XVI, 1337 p., 24 lám. ;
Dimensiones 20 cm.
505 8# - NOTA DE CONTENIDO CON FORMATO
Nota de contenido con formato Contiene: ;
Título Cuerpos y almas /
Mención de responsabilidad Maxence van der Meersch. --
Título El hakim /
Mención de responsabilidad John Knittel. --
Título La ciudadela /
Mención de responsabilidad Archibald Joseph Cronin
700 1# - ENTRADA AGREGADA--NOMBRE PERSONAL
Nombre de persona Van der Meersch, Maxence.
9 (RLIN) 113032
700 1# - ENTRADA AGREGADA--NOMBRE PERSONAL
Nombre de persona Knittel, John.
9 (RLIN) 68354
700 1# - ENTRADA AGREGADA--NOMBRE PERSONAL
Nombre de persona Cronin, A. J.
9 (RLIN) 41692
740 0# - ENTRADA AGREGADA--TÍTULO RELACIONADO/ANALÍTICO NO CONTROLADO
Título relacionado o analítico no controlado Cuerpos y almas.
740 3# - ENTRADA AGREGADA--TÍTULO RELACIONADO/ANALÍTICO NO CONTROLADO
Título relacionado o analítico no controlado El hakim.
740 3# - ENTRADA AGREGADA--TÍTULO RELACIONADO/ANALÍTICO NO CONTROLADO
Título relacionado o analítico no controlado La ciudadela.
852 ## - LOCALIZACIÓN
Ubicación ES-MaACL
Número de control de estantería E-4825
Holdings
Estatus retirado Estado de pérdida Estado de daño No para préstamo Biblioteca de origen Biblioteca actual Ubicación en estantería Fecha de adquisición Fuente de adquisición Total de préstamos Signatura topográfica completa Código de barras Visto por última vez Precio de reemplazo Tipo de ítem Koha
        Biblioteca del Ateneo de Madrid Biblioteca del Ateneo de Madrid Depósito 2 17/01/2008     E-4825 1117453 23/02/2023 23/02/2023 Libro impreso